<?xml version="1.0" encoding="UTF-8"?><?xml-stylesheet type="text/xsl" href="static/style.xsl"?><OAI-PMH xmlns="http://www.openarchives.org/OAI/2.0/" xmlns:xsi="http://www.w3.org/2001/XMLSchema-instance" xsi:schemaLocation="http://www.openarchives.org/OAI/2.0/ http://www.openarchives.org/OAI/2.0/OAI-PMH.xsd"><responseDate>2026-06-06T03:49:44Z</responseDate><request verb="GetRecord" identifier="oai:riuma.uma.es:10630/7668" metadataPrefix="marc">https://riuma.uma.es/rest/oai/request</request><GetRecord><record><header><identifier>oai:riuma.uma.es:10630/7668</identifier><datestamp>2026-02-03T11:46:23Z</datestamp><setSpec>com_10630_2254</setSpec><setSpec>col_10630_37959</setSpec></header><metadata><record xmlns="http://www.loc.gov/MARC21/slim" xmlns:dcterms="http://purl.org/dc/terms/" xmlns:doc="http://www.lyncode.com/xoai" xmlns:xsi="http://www.w3.org/2001/XMLSchema-instance" xsi:schemaLocation="http://www.loc.gov/MARC21/slim http://www.loc.gov/standards/marcxml/schema/MARC21slim.xsd">
   <leader>00925njm 22002777a 4500</leader>
   <datafield ind2=" " ind1=" " tag="042">
      <subfield code="a">dc</subfield>
   </datafield>
   <datafield ind2=" " ind1=" " tag="720">
      <subfield code="a">García-Pozo, Alejandro</subfield>
      <subfield code="e">author</subfield>
   </datafield>
   <datafield ind2=" " ind1=" " tag="720">
      <subfield code="a">Marchante-Mera, Andrés Jesús</subfield>
      <subfield code="e">author</subfield>
   </datafield>
   <datafield ind2=" " ind1=" " tag="720">
      <subfield code="a">Sánchez-Ollero, José Luis</subfield>
      <subfield code="e">author</subfield>
   </datafield>
   <datafield ind2=" " ind1=" " tag="260">
      <subfield code="c">2014-06-12</subfield>
   </datafield>
   <datafield ind2=" " ind1=" " tag="520">
      <subfield code="a">Based on information provided by two consecutive samples of the four-year version of the Spanish Wage Structure Survey (WSS), in this paper we estimate, from a gender perspective, the returns to human capital in the Spanish hospitality industry. For this purpose has been estimated an expanded version of the Mincerian wage equation. This equation includes, in addition of the variables that represents the human capital following the criteria of Mincer (1974), a set of variables that attempt to measure the effects on wages of workers' personal characteristics and those characteristic related with the occupation.&#xd;
The descriptive analysis of the samples shows that both in the hospitality sector just as in the whole of private services of the Spanish economy, which have been utilised for comparing, the women's gross hourly wages are on average lower than the men's, but nevertheless the average years of schooling completed by workers in both samples are not significantly different in the hospitality industry.&#xd;
In another vein, regarding to the returns to formal education in the hospitality industry, the estimates confirm that the gap between men and women in 2006 is extended in the sample for the year 2010 from a differential of 2.1 percentage points in 2006 to 2.5 percentage points in 2010. In the case of the workers from other private services, this differential is significantly lower but it is continuing being higher for women.&#xd;
The results obtained from our work reveal that persist wages inequalities between men and women in the Spanish hospitality industry. Furthermore, it demonstrates that this sector continues to employ a large number of low-skilled workers in comparing with the average skills of the rest of the Spanish economy sectors.</subfield>
   </datafield>
   <datafield ind1="8" ind2=" " tag="024">
      <subfield code="a">http://hdl.handle.net/10630/7668</subfield>
   </datafield>
   <datafield tag="653" ind2=" " ind1=" ">
      <subfield code="a">Hosteleria</subfield>
   </datafield>
   <datafield ind2="0" ind1="0" tag="245">
      <subfield code="a">Comparative analysis of the returns to human capital in the Spanish hospitality industry from a gender perspective: the period of crisis 2006-2010</subfield>
   </datafield>
</record>
</metadata></record></GetRecord></OAI-PMH>